Baresaghir Mein Muslim Fiqar Ka Irtiqa / (Record no. 525296)

000 -LEADER
fixed length control field 00460nam a22001697a 4500
003 - CONTROL NUMBER IDENTIFIER
control field NUST
038 ## - RECORD CONTENT LICENSOR
Staff Name waseem
082 ## - DEWEY DECIMAL CLASSIFICATION NUMBER
Classification number 954.022
Author Mark JAV
100 ## - MAIN ENTRY--PERSONAL NAME
Personal name Javed, Qazi
9 (RLIN) 16032
245 ## - TITLE STATEMENT
Title Baresaghir Mein Muslim Fiqar Ka Irtiqa /
Statement of responsibility, etc. Qazi Javed
260 ## - PUBLICATION, DISTRIBUTION, ETC.
Place of publication, distribution, etc. Lahore :
Name of publisher, distributor, etc. Asif Javed,
Date of publication, distribution, etc. 1995.
300 ## - PHYSICAL DESCRIPTION
Extent 223 p. ;
500 ## - GENERAL NOTE
General note Hardcover.
880 ## - ALTERNATE GRAPHIC REPRESENTATION
Linkage 100-01\r
880 ## - ALTERNATE GRAPHIC REPRESENTATION
Linkage 245-02\r
Title برصغیر میں مُسلم فکر کا ارتقاء /
942 ## - ADDED ENTRY ELEMENTS (KOHA)
Source of classification or shelving scheme
Koha item type Book
Holdings
Withdrawn status Lost status Source of classification or shelving scheme Damaged status Not for loan Permanent Location Current Location Shelving location Date acquired Total Checkouts Full call number Barcode Date last seen Price effective from Koha item type
          Central Library (CL) Central Library (CL) Urdu Literature 06/30/2019   954.022 JAV CL-E-239 06/30/2019 06/30/2019 Book
© 2023 Central Library, National University of Sciences and Technology. All Rights Reserved.